| 000 | 01415cam a2200397 i 4500 | ||
|---|---|---|---|
| 001 | 120710 | ||
| 005 | 20230410121208.0 | ||
| 008 | 140305s2014 enk 000 0 eng | ||
| 035 | _a18056380 | ||
| 925 | 0 |
_aacquire _b1 shelf copy _xpolicy default |
|
| 942 |
_2lcc _cbk |
||
| 010 | _a 2014001078 | ||
| 020 | _a9780199916245 (hardback : alk. paper) | ||
| 040 |
_aDLC _beng _cDLC _erda _dDLC |
||
| 042 | _apcc | ||
| 043 | _aa------ | ||
| 050 | 1 | 4 |
_aJZ 1980 _bO98 2014 |
| 082 | 0 | 0 | _a327.5 |
| 245 | 0 | 0 |
_aOxford handbook of the international relations of Asia / _cedited by Saadia M. Pekkanen, John Ravenhill, and Rosemary Foot. |
| 246 | 3 | _aHandbook of the international relations of Asia | |
| 260 |
_aOxford ; _aNew York : _bOxford University Press, _c[2014] |
||
| 300 |
_axxiii, 810 p. ; _c26 cm |
||
| 651 | 0 |
_aAsia _xForeign relations _y21st century. |
|
| 651 | 0 |
_aAsia _xForeign economic relations. |
|
| 650 | 0 |
_aNational security _zAsia. |
|
| 650 | 0 |
_aSecurity, International _zAsia. |
|
| 650 | 0 |
_aHuman security _zAsia. |
|
| 651 | 4 |
_aAsia _xRelaciones exteriores _ySiglo XXI. |
|
| 651 | 4 |
_aAsia _xRelaciones económicas exteriores. |
|
| 650 | 4 |
_aSeguridad internacional _zAsia. |
|
| 650 | 4 | _a20150900 | |
| 700 | 1 |
_aPekkanen, Saadia M., _eeditor of compilation. |
|
| 700 | 1 |
_aRavenhill, John, _eeditor of compilation. |
|
| 700 | 1 |
_aFoot, Rosemary, _d1948- , _eeditor of compilation. |
|
| 946 | _aJaaM | ||
| 999 |
_c59849 _d59849 |
||